01041nam a2200253 a 4500001001000000005001700010008004100027020001500068040001300083050002200096245017100118260006600289300004200355500009400397504004100491600003600532650002300568650006200591650001700653653002000670700003400690700003300724700003000757BRCA_123120190320203334.0010327s2001 sp-a---##b---#000-0#spa-# a847959375X aDLCcDLC 4aNB1910b.I43 200110aImaginería indígena mexicanabuna catequesis en caña de maízccoordinadores Antonio García-Abásolo, Gabriela García Lascurain, Joaquín Sánchez Ruiz. aCórdobabPublicaciones Obra Social y Cultural CajaSurc2001 a442 p.bil. (algunas a color)c28 cm. aCatálogo de la exposición realizada en la Iglesia de la Magdalena, 4-25 febrero, 2001 aIncluye referencias bibliográficas14aJesucritoxArte - Crucifición14aEscultura mexicana14aArte cristiano y simbolismoxInfluencias indiaszMéxico14aArte tarasco0 aPasta de caña1 aGarcía-Abásolo, Antonio F1 aGarcía Lascurain, Gabriela1 aSánchez Ruiz, Joaquín